Powiaty z największą ilością miast - Statystyki

Ogólne statystyki
  • Ten quiz został rozwiązany 156 razy
    132 od ostatniego zresetowania
  • Średni wynik to 21 z 45
Statystyki odpowiedzi
Województwo Liczba miast Powiat % Poprawnych
wielkopolskie 10 poznański
88%
świętokrzyskie 10 kielecki
85%
podlaskie 9 białostocki
84%
małopolskie 5 krakowski
73%
dolnośląskie 11 kłodzki
71%
opolskie 5 opolski
67%
podkarpackie 6 rzeszowski
63%
warmińsko-mazurskie 5 olsztyński
60%
mazowieckie 8 wołomiński
59%
dolnośląskie 5 wałbrzyski
58%
małopolskie 7 tarnowski
56%
wielkopolskie 7 pilski
55%
małopolskie 5 nowosądecki
54%
lubuskie 5 zielonogórski
54%
wielkopolskie 5 koniński
51%
kujawsko-pomorskie 6 włocławski
50%
opolski 5 nyski
49%
śląskie 7 zawierciański
49%
wielkopolskie 5 gnieźnieński
47%
mazowieckie 7 miński
47%
śląskie 5 będziński
46%
zachodniopomorskie 5 stargardzki
46%
śląskie 5 cieszyński
45%
kujawsko-pomorskie 5 inowrocławski
42%
małopolskie 5 oświęcimski
42%
dolnośląskie 5 zgorzelecki
42%
zachodniopomorskie 6 gryfiński
39%
świętokrzyskie 5 buski
38%
lubuskie 5 nowosolski
38%
opolskie 5 strzelecki
37%
dolnośląskie 5 dzierżoniowski
36%
warmińsko-mazurskie 5 iławski
36%
lubuskie 5 żagański
35%
zachodniopomorskie 5 kamieński
34%
dolnośląskie 5 świdnicki
34%
świętokrzyskie 5 staszowski
33%
łódzkie 5 zgierski
33%
dolnośląskie 5 ząbkowicki
32%
dolnośląskie 5 oleśnicki
29%
lubelskie 5 biłgorajski
28%
wielkopolskie 5 szamotulski
28%
wielkopolskie 5 krotoszyński
27%
wielkopolskie 5 gostyński
25%
dolnośląskie 5 lwówecki
24%
mazowieckie 5 płoński
22%
Nie znaleziono quizów pasujących do podanych kryteriów
Rozkład punktacji
Procent ludzi z każdym wynikiem
Percentyl według liczby udzielonych odpowiedzi
Twoja historia wyników
Nie rozwiązałeś tego quizu od ostatniego zresetowania